000 00534cam a2200205ua 4500
005 20260515114844.0
008 200320n ii |||gr||||Z||||||asm
020 _a9789382056102
040 _cMAIN
041 _dasm
082 _a491.451
_bKON
100 _aKonwar, Arpana
_eauthor
245 _aAsamiya bhasa cintan/
_cBy Arpana Konwar
250 _a1st ed.
260 _aDibrugarh:
_bBanalata,
_c2016.
300 _a278p.
650 _aAssamese language
653 _aEast Indo-European & Celtic languages
942 _cBK
_2ddc
999 _c10986
_d10986